European State Aid Law Quarterly EStAL

Detalles Bibliográficos
Formato: Revista
Lenguaje:inglés
Publicado: Berlin : Lexxion Verlagsgesellschaft mbH, 2002-
Materias:
Acceso en línea:http://www.vlex.com/source/7195

MARC

LEADER 00000nas a22000007a 4500
005 20130319175920.0
007 cr|||| ||||
008 130319c20029999gw qr|p s|||| 0|||a1eng d
022 |a 16195272  
035 |a 7195 
040 |a vLex 
090 |c 3963  |d 3963 
245 0 0 |a European State Aid Law Quarterly  |b EStAL  |h [Recurso electrn̤ico]  
256 |a Servicio en ln̕ea 
260 |a Berlin :  |b Lexxion Verlagsgesellschaft mbH,   |c 2002- 
300 |a 1 Recurso electrn̤ico 
506 |d vLex Global  |d vLex Global (Academic Edition, excluding Law Schools)  |d vLex Global (U.S. Academic Edition, Law Schools)  |d vLex Global (U.S. Academic Edition, excluding Law Schools)  |d vLex Global (Academic Edition, Law Schools) 
650 0 4 |a Comercio internacional   |v Revistas 
650 0 4 |a Derecho  |v Revistas 
740 |a vLex Revistas (Servicio en ln̕ea) 
856 |a Acceso restringido  |u http://www.vlex.com/source/7195 
942 |c REV 
999 0 |a Law